000 00676nam a22002297a 4500
003 UA-OsUOA
001 125506
007 ta
008 20170918b un ||||| |||| 00| 0 ukr d
100 _aФурманов Д.
090 _a821.161.1
_bФ95
942 _cBK
040 _aUA-OsUOA
_brus
_cUA-OsUOA
_dUA-OsUOA
245 _aЧапаєв. Красный десант. Морские берега
300 _a373 с.
955 _a3
041 _arus
080 _a821.161.1
260 _aЛенинград
_bХудожественная литература
_c1986
650 7 _a82 Література. Літературознавство
_2UDC
999 _c412737
_d412737